Internet yellow pages 1996-97 (Record no. 165768)

MARC details
000 -LEADER
fixed length control field 00360nam a2200145Ia 4500
008 - FIXED-LENGTH DATA ELEMENTS--GENERAL INFORMATION
fixed length control field 231217s9999 xx 000 0 und d
041 ## - LANGUAGE CODE
Language code of text/sound track or separate title English
082 ## - DEWEY DECIMAL CLASSIFICATION NUMBER
Classification number 001.64404 NEW
100 ## - MAIN ENTRY--PERSONAL NAME
Personal name Newby, Gregory B Ed
245 #0 - TITLE STATEMENT
Title Internet yellow pages 1996-97
260 ## - PUBLICATION, DISTRIBUTION, ETC.
Date of publication, distribution, etc. 1977
Name of publisher, distributor, etc. Comdex
300 ## - PHYSICAL DESCRIPTION
Extent xxxi+ 904
650 ## - SUBJECT ADDED ENTRY--TOPICAL TERM
Topical term or geographic name entry element Internet Yellow pages
942 ## - ADDED ENTRY ELEMENTS (KOHA)
Koha item type Books
Holdings
Date last seen Total checkouts Full call number Accession number Cost, total (INR) price Price effective from Category Public note Lost status Damaged status Department Withdrawn status Home library Current library Shelving location Entry date Vendor Cost, normal purchase price Grants Billnumber Billdate Currency symbol Conversion rate Discount Old discount
26/01/2024   001.64404 NEW 11430 382.50 26/01/2024 Books SC ST (459)     Central Library   Central Library Central Library SC-ST 23/05/1998 Sapna Book House 450.00 SC-ST 177 97-98 13/11/2000 RS 1 67.5 15

© For any Suggestions or Query, please contact the library staff @ librarian@pes.edu or Phone: +9180 2672 1983/ 2108.